[Event "42.Camp. Italiano"]
[Site "Arco di Trento ITA"]
[Date "1982.10.12"]
[Round "2.3"]
[White "Ceschia, Ivano"]
[Black "Cocchi, Andrea"]
[Result "1-0"]
[WhiteElo "2278"]
[BlackElo "2263"]
[Annotator "Gabriele Ballarin"]
[PlyCount "47"]
[EventDate "1982.10.11"]
[EventType "tourn"]
[EventRounds "12"]
[EventCountry "ITA"]

1. e4 c5 2. Nf3 d6 3. d4 cxd4 4. Nxd4 Nf6 5. Nc3 a6 6. Bc4 e6 7. Bb3 Nc6 8. Be3 Be7 9. Qe2 O-O 10. O-O-O Qe8 11. f4 Nd7 12. Kb1 Nc5 13. Nxc6 Qxc6 14. Bd4 b5 15. Rhe1 Rb8 16. Qf3 a5 17. f5 a4 18. Qg3 g6 (18... e5 19. Nd5 Bd8 20. f6 Ne6 (20... g6 21. Ne7+ Bxe7 22. fxe7 Re8 23. Bxf7+)) 19. Nd5 Bd8 (19... exd5 20. Bxd5 Qc7 21. fxg6 hxg6 22. Qxg6#) 20. Nb4 Qc7 21. Bd5 exf5 (21... exd5 22. Nxd5) 22. e5 Be6 23. exd6 Qc8 24. Qe5 1-0

[Event "42.Camp. Italiano"]
[Site "Arco di Trento ITA"]
[Date "1982.10.12"]
[Round "2.5"]
[White "Santolini, Luigi"]
[Black "Messa, Roberto"]
[Result "1-0"]
[WhiteElo "2249"]
[BlackElo "2330"]
[Annotator "Gabriele Ballarin"]
[PlyCount "103"]
[EventDate "1982.10.11"]
[EventType "tourn"]
[EventRounds "12"]
[EventCountry "ITA"]

1. Nf3 Nf6 2. g3 b5 3. Bg2 Bb7 4. O-O e6 5. b3 c5 6. c4 bxc4 7. bxc4 Nc6 8. Nc3 Rb8 9. Rb1 Be7 10. Qa4 O-O 11. d3 Ba8 12. Bf4 d6 13. Rxb8 Qxb8 14. Rb1 Qc7 15. Nd2 Nh5 16. Nb5 Qd7 17. Nxa7 d5 18. Nxc6 Bxc6 19. Qb3 Nxf4 20. gxf4 h5 21. Nf3 f6 22. Nd2 Kh8 23. f5 exf5 24. cxd5 Ba8 25. e4 f4 26. Nc4 Bd6 27. Nxd6 Qxd6 28. Qb6 Qe5 29. Qxc5 Rg8 30. d4 Qg5 31. d6 Qg6 32. Qf5 Qxf5 33. exf5 f3 34. Bh1 Be4 35. Re1 g6 36. Re3 gxf5+ 37. Kf1 Rd8 38. Bxf3 Rxd6 39. Bxe4 fxe4 40. Rxe4 Kg7 41. a4 f5 42. Re2 Rxd4 43. Ra2 Rd6 44. a5 Ra6 45. Ke2 Kf6 46. Kd3 Kg5 47. Kc4 Kg4 48. Ra3 f4 49. Kb5 Ra8 50. a6 f3 51. a7 Kh3 52. Rxf3+ 1-0

[Event "42.Camp. Italiano"]
[Site "Arco di Trento ITA"]
[Date "1982.10.12"]
[Round "2.6"]
[White "Lagumina, Giulio"]
[Black "Pompa, Alessandro"]
[Result "0-1"]
[WhiteElo "2176"]
[BlackElo "1995"]
[Annotator "Gabriele Ballarin"]
[PlyCount "66"]
[EventDate "1982.10.11"]
[EventType "tourn"]
[EventRounds "12"]
[EventCountry "ITA"]

1. e4 c6 2. d4 d5 3. Nc3 dxe4 4. Nxe4 Bf5 5. Ng3 Bg6 6. Nf3 e6 7. h4 h6 8. h5 (8. Ne5) 8... Bh7 9. Bd3 Bxd3 10. Qxd3 Nd7 11. Bf4 Qb6 12. O-O (12. O-O-O) 12... Ngf6 13. c4 Be7 14. Rfe1 O-O 15. a3 Rfe8 16. Ne5 Nf8 17. Ne4 Rad8 18. c5 Qb5 19. Qf3 N8h7 20. b4 Rxd4 21. Nc3 Qa6 22. Qe3 Rdd8 23. Bxh6 gxh6 24. Qxh6 Bf8 25. Qf4 Re7 26. Re3 b5 27. g4 Nd5 28. Nxd5 Rxd5 29. g5 Bg7 30. g6 fxg6 31. hxg6 Nf8 32. Qh4 Qb7 33. Nxc6 Red7 0-1

[Event "42.Camp. Italiano"]
[Site "Arco di Trento ITA"]
[Date "1982.10.12"]
[Round "2.7"]
[White "Toth, Bela"]
[Black "Bruno, Fabio"]
[Result "1/2-1/2"]
[WhiteElo "2403"]
[BlackElo "2243"]
[Annotator "Gabriele Ballarin"]
[PlyCount "53"]
[EventDate "1982.10.11"]
[EventType "tourn"]
[EventRounds "12"]
[EventCountry "ITA"]

1. d4 Nf6 2. c4 e6 3. Nf3 b6 4. e3 c5 5. Bd3 cxd4 6. exd4 d5 7. b3 Be7 8. O-O O-O 9. Bb2 Bb7 10. Qe2 Nbd7 11. Nbd2 Rc8 12. Rac1 Rc7 13. Ne5 dxc4 14. bxc4 Nxe5 15. Qxe5 Rd7 16. Rfe1 Qa8 17. Qg3 Rfd8 18. Qh3 h6 19. Re3 Nh7 20. Rg3 Ng5 21. Qh5 Bf6 22. h4 Bxd4 23. Bxd4 Rxd4 24. hxg5 Rxd3 25. Rxd3 Rxd3 26. gxh6 gxh6 27. Qxh6 1/2-1/2

[Event "42.Camp. Italiano"]
[Site "Arco di Trento ITA"]
[Date "1982.10.13"]
[Round "3.1"]
[White "Bruno, Fabio"]
[Black "Cocozza, Mario"]
[Result "1/2-1/2"]
[WhiteElo "2243"]
[BlackElo "2243"]
[Annotator "Gabriele Ballarin"]
[PlyCount "27"]
[EventDate "1982.10.11"]
[EventType "tourn"]
[EventRounds "12"]
[EventCountry "ITA"]

1. c4 e5 2. Nc3 Nf6 3. g3 d5 4. cxd5 Nxd5 5. Bg2 Nb6 6. Nf3 Nc6 7. O-O Be7 8. d3 O-O 9. Be3 f5 10. Na4 Nxa4 11. Qxa4 Be6 12. Qb5 a6 13. Qa4 Qd7 14. Rfd1 1/2-1/2

[Event "42.Camp. Italiano"]
[Site "Arco di Trento ITA"]
[Date "1982.10.13"]
[Round "3.2"]
[White "Pompa, Alessandro"]
[Black "Toth, Bela"]
[Result "0-1"]
[WhiteElo "1995"]
[BlackElo "2403"]
[Annotator "Gabriele Ballarin"]
[PlyCount "80"]
[EventDate "1982.10.11"]
[EventType "tourn"]
[EventRounds "12"]
[EventCountry "ITA"]

1. d4 Nf6 2. c4 c5 3. d5 b5 4. cxb5 a6 5. e3 d6 6. Nc3 g6 7. a4 Bg7 8. Nf3 O-O 9. Bc4 axb5 10. Bxb5 Na6 11. O-O Nb4 12. e4 Ba6 13. Qe2 Nd7 14. Bf4 Bxb5 15. Nxb5 Nb6 16. Nc3 Ra5 17. Nd2 Nc2 18. Nb3 Nd4 19. Qd1 Nxb3 20. Qxb3 Qb8 21. Bd2 Rc8 22. Nb5 Ra6 23. Bc3 Bxc3 24. bxc3 Qa8 25. Ra2 Rxa4 26. Rfa1 Rxa2 27. Rxa2 Qb7 28. Ra7 (28. c4) (28. h4) 28... Ra8 29. Rxa8+ (29. Qa2 Rxa7 30. Qxa7 Qxa7 31. Nxa7 Na4) 29... Qxa8 30. f3 Qa1+ 31. Kf2 Nd7 32. Qc2 Ne5 33. f4 Ng4+ 34. Kg3 Nf6 35. Kf2 Qh1 36. h3 Qh2 37. Qc1 (37. Kf3 Nh5) 37... Nxe4+ 38. Kf3 Qg3+ 39. Ke2 Qxg2+ 40. Kd3 f5 0-1

[Event "42.Camp. Italiano"]
[Site "Arco di Trento ITA"]
[Date "1982.10.13"]
[Round "3.3"]
[White "Messa, Roberto"]
[Black "Lagumina, Giulio"]
[Result "1/2-1/2"]
[WhiteElo "2330"]
[BlackElo "2176"]
[Annotator "Gabriele Ballarin"]
[PlyCount "30"]
[EventDate "1982.10.11"]
[EventType "tourn"]
[EventRounds "12"]
[EventCountry "ITA"]

1. e4 e5 2. Nf3 Nc6 3. Bc4 Nf6 4. d3 Be7 5. O-O O-O 6. Bb3 d5 7. exd5 Nxd5 8. h3 Be6 9. Re1 Bf6 10. Nbd2 Nf4 11. Nc4 Ng6 12. Bd2 Re8 13. Bc3 Nd4 14. Ncxe5 Bxe5 15. Nxe5 Bxb3 1/2-1/2

[Event "42.Camp. Italiano"]
[Site "Arco di Trento ITA"]
[Date "1982.10.13"]
[Round "3.6"]
[White "Cocchi, Andrea"]
[Black "Vallifuoco, Giovanni"]
[Result "1-0"]
[WhiteElo "2263"]
[BlackElo "2128"]
[Annotator "Gabriele Ballarin"]
[PlyCount "83"]
[EventDate "1982.10.11"]
[EventType "tourn"]
[EventRounds "12"]
[EventCountry "ITA"]

1. e4 c5 2. c4 Nc6 3. Nc3 g6 4. g3 Bg7 5. Bg2 e6 6. Nge2 Nge7 7. d3 d6 8. a3 O-O 9. O-O Rb8 10. Rb1 a5 11. Be3 e5 12. Qd2 Nd4 13. b4 Be6 14. Nd5 Bxd5 15. cxd5 axb4 16. axb4 b5 17. f4 Nxe2+ 18. Qxe2 cxb4 19. f5 gxf5 20. exf5 f6 21. Rxb4 Qd7 22. Qh5 Qe8 23. Qf3 Nc8 24. Rfb1 Rf7 25. Qd1 Rfb7 26. Be4 Ne7 27. d4 Qd7 28. Qd3 Kh8 29. dxe5 fxe5 30. Kh1 Ng8 31. g4 h6 32. h4 Qe7 33. g5 Qf7 34. Qe2 Bf8 35. f6 Nxf6 36. gxf6 Qxf6 37. Qf2 Bg7 38. Qxf6 Bxf6 39. Bxh6 Bxh4 40. Bd3 Bf2 41. Kg2 Bc5 42. Rg4 1-0

[Event "42.Camp. Italiano"]
[Site "Arco di Trento ITA"]
[Date "1982.10.13"]
[Round "3.7"]
[White "Martorelli, Antonio"]
[Black "Ceschia, Ivano"]
[Result "1-0"]
[WhiteElo "2224"]
[BlackElo "2278"]
[Annotator "Gabriele Ballarin"]
[PlyCount "38"]
[EventDate "1982.10.11"]
[EventType "tourn"]
[EventRounds "12"]
[EventCountry "ITA"]

1. e4 c5 2. Nf3 d6 3. d4 cxd4 4. Nxd4 Nf6 5. Nc3 Nc6 6. Bc4 e6 7. Be3 a6 8. Qe2 Qc7 9. O-O-O Na5 10. Bd3 b5 11. a3 Bb7 12. g4 d5 13. exd5 Nxd5 (13... Bxd5 14. Bxb5+ axb5 15. Ndxb5 Qb7 (15... Qe5 16. f4 Qb8 17. Nxd5 Nxd5 18. Rxd5 exd5 19. Ba7+) 16. g5 Bxh1 17. gxf6 Bf3 (17... gxf6 18. f3 Bxf3 19. Qxf3 Qxf3 20. Nc7+ Ke7 21. Bc5#) 18. Qxf3 Qxf3 19. Nc7#) 14. Ndxb5 Qe5 (14... axb5 15. Bxb5+ (15. Nxb5 Qe5) 15... Kd8 16. Nxd5 Bxd5 17. Rd3) 15. Nxd5 Bxd5 16. Bb6 Qf4+ (16... Qxe2 17. Nc7+ Kd7 18. Bxe2) 17. Kb1 Bxh1 18. Nc7+ Ke7 19. Rxh1 Rc8 1-0

[Event "42.Camp. Italiano"]
[Site "Arco di Trento ITA"]
[Date "1982.10.13"]
[Round "3.8"]
[White "Passerotti, Pierluigi"]
[Black "Sibilio, Mario"]
[Result "1/2-1/2"]
[WhiteElo "2338"]
[BlackElo "2261"]
[Annotator "Gabriele Ballarin"]
[PlyCount "34"]
[EventDate "1982.10.11"]
[EventType "tourn"]
[EventRounds "12"]
[EventCountry "ITA"]

1. e4 g6 2. d4 Bg7 3. Nc3 c6 4. g3 d5 5. exd5 cxd5 6. Nge2 Nc6 7. Bg2 Nf6 8. h3 O-O 9. Be3 b5 10. O-O b4 11. Na4 Ne4 12. c4 bxc3 13. Nexc3 Nxc3 14. Nxc3 e6 15. Rc1 Bd7 16. Qd2 Rb8 17. Rfd1 Qa5 1/2-1/2

[Event "42.Camp. Italiano"]
[Site "Arco di Trento ITA"]
[Date "1982.10.14"]
[Round "4.1"]
[White "Cocozza, Mario"]
[Black "Sibilio, Mario"]
[Result "0-1"]
[WhiteElo "2243"]
[BlackElo "2261"]
[Annotator "Gabriele Ballarin"]
[PlyCount "92"]
[EventDate "1982.10.11"]
[EventType "tourn"]
[EventRounds "12"]
[EventCountry "ITA"]

1. e4 c5 2. Nf3 g6 3. d4 Bg7 4. Nc3 cxd4 5. Nxd4 Nc6 6. Nde2 d6 7. g3 h5 8. h3 Nh6 9. Bg2 Bd7 10. Be3 Qc8 11. Nf4 b5 12. Nfd5 Rb8 13. a3 Rb7 14. Qd2 Ne5 15. Bd4 Bc6 16. b3 f6 17. f4 Nef7 18. O-O Bd7 19. Kh2 e5 20. fxe5 dxe5 21. Be3 Qd8 22. Qf2 f5 23. Bc5 f4 24. Rad1 Qg5 25. Rd3 Ng4+ 26. hxg4 hxg4+ 27. Kg1 Qh5 28. Rfd1 f3 29. Be7 fxg2 30. Qxg2 Ng5 31. Bxg5 Qxg5 32. Kf2 O-O+ 33. Kg1 Be6 34. Rf1 Rxf1+ 35. Qxf1 Rf7 36. Qd1 Bh6 37. Nxb5 Bxd5 38. exd5 e4 39. Rc3 Bg7 40. Rc8+ Kh7 41. Qe1 Be5 42. d6 Bxg3 43. Qxg3 Qc1+ 44. Kh2 Qd2+ 45. Kg1 Qd1+ 46. Kh2 Qe2+ 0-1

[Event "42.Camp. Italiano"]
[Site "Arco di Trento ITA"]
[Date "1982.10.14"]
[Round "4.2"]
[White "Ceschia, Ivano"]
[Black "Passerotti, Pierluigi"]
[Result "1-0"]
[WhiteElo "2278"]
[BlackElo "2338"]
[Annotator "Gabriele Ballarin"]
[PlyCount "47"]
[EventDate "1982.10.11"]
[EventType "tourn"]
[EventRounds "12"]
[EventCountry "ITA"]

1. e4 c5 2. Nf3 Nc6 3. d4 cxd4 4. Nxd4 g6 5. c4 Bg7 6. Be3 Nf6 7. Nc3 Ng4 8. Qxg4 Bxd4 9. Bxd4 Nxd4 10. O-O-O e5 11. Qg3 d6 12. f4 f6 13. c5 Be6 14. fxe5 dxe5 15. Bb5+ Kf7 16. Rhf1 Rc8 17. Qxe5 Kg7 18. Qxd4 Qxd4 19. Rxd4 Rxc5 20. Rd6 Bxa2 21. Rd7+ Bf7 22. Rxb7 Rhc8 23. Rd1 Kf8 24. Rd6 1-0

[Event "42.Camp. Italiano"]
[Site "Arco di Trento ITA"]
[Date "1982.10.14"]
[Round "4.3"]
[White "Vallifuoco, Giovanni"]
[Black "Martorelli, Antonio"]
[Result "0-1"]
[WhiteElo "2128"]
[BlackElo "2224"]
[Annotator "Gabriele Ballarin"]
[PlyCount "132"]
[EventDate "1982.10.11"]
[EventType "tourn"]
[EventRounds "12"]
[EventCountry "ITA"]

1. d4 Nf6 2. c4 e6 3. Nf3 b6 4. g3 Ba6 5. Qa4 c5 6. Bg2 Bb7 7. O-O cxd4 8. Na3 Na6 9. Nb5 Nc5 10. Qd1 a6 11. Nbxd4 Be7 12. Nb3 O-O 13. Bf4 d6 14. Nxc5 bxc5 15. Qa4 Qb6 16. Rfd1 Rfd8 17. Rac1 a5 18. Rc3 Bc6 19. Qc2 Be4 20. Qc1 a4 21. Ne1 Bxg2 22. Kxg2 Rab8 23. Rc2 Rbc8 24. Nd3 h6 25. f3 d5 26. g4 d4 27. e4 dxe3 28. Qxe3 Qb7 29. Kg1 Qa6 30. Re1 Rd4 31. Ne5 Rcd8 32. Ree2 Nd7 33. Kg2 Bf6 34. Nxd7 R8xd7 35. b3 axb3 36. axb3 Qb7 37. Be5 Rxg4+ 38. Kf2 Bh4+ 39. Bg3 Bxg3+ 40. hxg3 Rgd4 41. Rc3 Qa6 42. Kg2 Qd6 43. Qf2 Rd2 44. Rce3 Rxe2 45. Rxe2 Qd4 46. Qxd4 Rxd4 47. Re5 Rd2+ 48. Kh3 Rd3 49. Kg4 f5+ 50. Kh4 Kf7 51. f4 Kf6 52. Kh3 g5 53. Kg2 Rxb3 54. Rxc5 Rb2+ 55. Kg1 gxf4 56. gxf4 Re2 57. Rc8 Re4 58. Rh8 Rxf4 59. Rxh6+ Ke5 60. c5 Rc4 61. Rh8 Rxc5 62. Ra8 Rc2 63. Ra4 Rd2 64. Kf1 f4 65. Ke1 Rb2 66. Ra6 Kf5 0-1

[Event "42.Camp. Italiano"]
[Site "Arco di Trento ITA"]
[Date "1982.10.14"]
[Round "4.4"]
[White "Santolini, Luigi"]
[Black "Cocchi, Andrea"]
[Result "1/2-1/2"]
[WhiteElo "2249"]
[BlackElo "2263"]
[Annotator "Gabriele Ballarin"]
[PlyCount "58"]
[EventDate "1982.10.11"]
[EventType "tourn"]
[EventRounds "12"]
[EventCountry "ITA"]

1. Nf3 c5 2. g3 g6 3. Bg2 Bg7 4. O-O Nc6 5. d3 e6 6. e4 Nge7 7. c3 e5 8. Be3 d6 9. h3 O-O 10. Na3 Kh8 11. Qd2 f5 12. Bg5 f4 13. gxf4 h6 14. Bxe7 Qxe7 15. fxe5 dxe5 16. Kh2 Rf4 17. Nc4 Qf6 18. Ng1 Be6 19. Ne3 Rf8 20. Nd5 Rxf2 21. Rxf2 Qxf2 22. Qe2 Qh4 23. Rf1 Rxf1 24. Qxf1 Qd8 25. Qf2 b6 26. Ne2 Qg5 27. Qg3 Bf6 28. Nxf6 Qxf6 29. a3 Kg7 1/2-1/2

[Event "42.Camp. Italiano"]
[Site "Arco di Trento ITA"]
[Date "1982.10.14"]
[Round "4.6"]
[White "Toth, Bela"]
[Black "Messa, Roberto"]
[Result "1/2-1/2"]
[WhiteElo "2403"]
[BlackElo "2330"]
[Annotator "Gabriele Ballarin"]
[PlyCount "52"]
[EventDate "1982.10.11"]
[EventType "tourn"]
[EventRounds "12"]
[EventCountry "ITA"]

1. d4 d5 2. c3 Nf6 3. Bf4 Bf5 4. e3 e6 5. Nf3 Bd6 6. Bb5+ c6 7. Bxd6 Qxd6 8. Bd3 Bxd3 9. Qxd3 Nbd7 10. Nbd2 O-O 11. O-O e5 12. dxe5 Nxe5 13. Nxe5 Qxe5 14. Qd4 Qh5 15. h3 Rfe8 16. a4 Re6 17. a5 Qe5 18. Nf3 Qe4 19. Qxe4 Rxe4 20. Rfd1 Kf8 21. Rd4 Rxd4 22. exd4 a6 23. Re1 Re8 24. Rxe8+ Nxe8 25. Kf1 Ke7 26. Ke2 Nd6 1/2-1/2

[Event "42.Camp. Italiano"]
[Site "Arco di Trento ITA"]
[Date "1982.10.14"]
[Round "4.7"]
[White "Bruno, Fabio"]
[Black "Pompa, Alessandro"]
[Result "1-0"]
[WhiteElo "2243"]
[BlackElo "1995"]
[Annotator "Gabriele Ballarin"]
[PlyCount "95"]
[EventDate "1982.10.11"]
[EventType "tourn"]
[EventRounds "12"]
[EventCountry "ITA"]

1. d4 Nf6 2. c4 e6 3. Nf3 b6 4. a3 Bb7 5. Nc3 Be7 6. d5 d6 7. e4 e5 8. Be2 Nbd7 9. O-O Nc5 10. Qc2 a5 11. b3 c6 12. Ne1 cxd5 13. cxd5 O-O 14. Be3 Nfd7 15. f3 Bg5 16. Bf2 Rc8 17. b4 Na6 18. Qb2 Rb8 19. Bb5 Nc7 20. Bc6 Ba6 21. b5 Bc8 22. Na4 Na8 23. Nd3 f6 24. Qa2 Nc5 25. Ndxc5 bxc5 26. Nb2 Nb6 27. Nc4 Nxc4 28. Qxc4 f5 29. Rab1 fxe4 30. fxe4 Bg4 31. Be1 Bf4 32. h3 Bh5 33. Qd3 Qg5 34. Bxa5 Rf6 35. Rb3 Rg6 36. Rf2 c4 37. Qxc4 Be3 38. Rxe3 Qxe3 39. Qc3 Qxe4 40. Qe1 Qd4 41. Kh2 Rf8 42. Rxf8+ Kxf8 43. Bd2 e4 44. Qe3 Qe5+ 45. Qf4+ Rf6 46. Qxe5 dxe5 47. b6 Kg8 48. Bb4 1-0

[Event "42.Camp. Italiano"]
[Site "Arco di Trento ITA"]
[Date "1982.10.15"]
[Round "5.1"]
[White "Pompa, Alessandro"]
[Black "Cocozza, Mario"]
[Result "1/2-1/2"]
[WhiteElo "1995"]
[BlackElo "2243"]
[Annotator "Antonio Rosino"]
[PlyCount "111"]
[EventDate "1982.10.11"]
[EventType "tourn"]
[EventRounds "12"]
[EventCountry "ITA"]

1. e4 c6 2. d4 d5 3. Nc3 dxe4 4. Nxe4 Nd7 5. Nf3 Ngf6 6. Nxf6+ Nxf6 7. Ne5 Be6 8. Be2 g6 9. O-O Bg7 10. Bf4 O-O 11. Qd2 c5 12. Nf3 Qb6 13. Be5 Rfd8 14. c3 Bf5 15. Bc4 Ne4 16. Qf4 Nd6 17. Bxg7 Kxg7 18. dxc5 Qxc5 19. Bb3 f6 20. Rfe1 e5 21. Nxe5 fxe5 22. Rxe5 Qc7 23. g4 Bxg4 24. Qxg4 Nf7 25. Re6 Rd6 26. Rae1 Rxe6 27. Rxe6 Rd8 28. Qf3 Ng5 29. Qf6+ Kh6 30. Re3 Qd6 31. Qxd6 Rxd6 32. Re7 (32. f4) 32... Rd2 33. Kg2 Kh5 34. Rxb7 Kg4 35. Rb4+ Kf5 36. Kf1 (36. h4 Ne4 37. Kf3 Rd3+ 38. Ke2 Rd7 39. Be6+ Kxe6 40. Rxe4+) 36... Nf3 37. h3 Ng5 38. h4 (38. Rb7) 38... Nf3 39. Kg2 Ne1+ 40. Kg3 Rd3+ 41. Kh2 Rd2 42. Kg1 h6 43. h5 (43. Kf1 Nf3 44. Bd1) 43... g5 (43... gxh5) 44. a4 Nf3+ 45. Kf1 g4 (45... Nh2+) 46. Rb5+ (46. Bc4) 46... Kf4 47. Rd5 Rxb2 48. Bd1 Rb1 49. Kg2 Rc1 50. Bxf3 gxf3+ 51. Kh2 Rxc3 52. Rd4+ Kg5 53. Rd7 (53. Kg3) 53... Kxh5 54. Rxa7 Kh4 55. Rf7 Kg4 56. Rg7+ 1/2-1/2

[Event "42.Camp. Italiano"]
[Site "Arco di Trento ITA"]
[Date "1982.10.15"]
[Round "5.2"]
[White "Messa, Roberto"]
[Black "Bruno, Fabio"]
[Result "1/2-1/2"]
[WhiteElo "2330"]
[BlackElo "2243"]
[Annotator "Gabriele Ballarin"]
[PlyCount "48"]
[EventDate "1982.10.11"]
[EventType "tourn"]
[EventRounds "12"]
[EventCountry "ITA"]

1. e4 c5 2. Nf3 Nc6 3. d4 cxd4 4. Nxd4 e6 5. Nb5 d6 6. c4 Nf6 7. N1c3 a6 8. Na3 Be7 9. Be2 b6 10. Be3 O-O 11. O-O Bb7 12. Qe1 Re8 13. Rd1 Qc7 14. f4 d5 15. e5 d4 16. exf6 Bxf6 17. Ne4 dxe3 18. Nxf6+ gxf6 19. Qh4 Ne7 20. Qxf6 Ng6 21. Nc2 e5 22. f5 Nf4 23. Rxf4 exf4 24. Qg5+ Kh8 1/2-1/2

[Event "42.Camp. Italiano"]
[Site "Arco di Trento ITA"]
[Date "1982.10.15"]
[Round "5.4"]
[White "Cocchi, Andrea"]
[Black "Lagumina, Giulio"]
[Result "1/2-1/2"]
[WhiteElo "2263"]
[BlackElo "2176"]
[Annotator "Gabriele Ballarin"]
[PlyCount "49"]
[EventDate "1982.10.11"]
[EventType "tourn"]
[EventRounds "12"]
[EventCountry "ITA"]

1. d4 Nf6 2. Nf3 g6 3. Bf4 Bg7 4. e3 d6 5. Be2 O-O 6. h3 Nbd7 7. c4 c5 8. Nc3 b6 9. d5 a6 10. a4 Ne8 11. O-O Ne5 12. Qd2 Nxf3+ 13. Bxf3 Bd7 14. Be2 Nc7 15. e4 Rb8 16. Bh6 Bxh6 17. Qxh6 b5 18. axb5 axb5 19. b3 Ra8 20. Bd3 bxc4 21. bxc4 Qb8 22. Rfb1 Rxa1 23. Rxa1 Qb2 24. Qc1 Qxc1+ 25. Rxc1 1/2-1/2

[Event "42.Camp. Italiano"]
[Site "Arco di Trento ITA"]
[Date "1982.10.15"]
[Round "5.5"]
[White "Martorelli, Antonio"]
[Black "Santolini, Luigi"]
[Result "1-0"]
[WhiteElo "2224"]
[BlackElo "2249"]
[Annotator "Gabriele Ballarin"]
[PlyCount "71"]
[EventDate "1982.10.11"]
[EventType "tourn"]
[EventRounds "12"]
[EventCountry "ITA"]

1. e4 c5 2. Nf3 d6 3. d4 cxd4 4. Nxd4 Nf6 5. Nc3 a6 6. Be2 e5 7. Nb3 Be7 8. Bg5 Be6 9. Bxf6 Bxf6 10. Nd5 Bxd5 11. Qxd5 Nc6 12. O-O O-O 13. Rfd1 Be7 14. c3 Qc7 15. a4 Rad8 16. Nd2 Kh8 17. Nc4 f5 18. exf5 Rxf5 19. Rd3 Rdf8 20. Rh3 e4 (20... Rxf2 21. Bf3) 21. Qxe4 d5 22. Qc2 dxc4 23. g4 Qf4 24. gxf5 Rxf5 25. Kh1 Ne5 26. Rd1 g6 27. f3 Bg5 28. Kg2 Rf8 29. Rd4 Qf7 30. Qe4 Re8 31. Qd5 Qf5 32. Qxb7 Nf7 33. Re4 Rd8 34. Bxc4 Rd2+ 35. Kg3 Qc5 36. Re8+ 1-0

[Event "42.Camp. Italiano"]
[Site "Arco di Trento ITA"]
[Date "1982.10.15"]
[Round "5.6"]
[White "Passerotti, Pierluigi"]
[Black "Vallifuoco, Giovanni"]
[Result "1-0"]
[WhiteElo "2338"]
[BlackElo "2128"]
[Annotator "Gabriele Ballarin"]
[PlyCount "71"]
[EventDate "1982.10.11"]
[EventType "tourn"]
[EventRounds "12"]
[EventCountry "ITA"]

1. e4 c5 2. Nf3 d6 3. d4 cxd4 4. Nxd4 Nf6 5. Nc3 g6 6. Be3 Bg7 7. f3 Nc6 8. Qd2 O-O 9. Bc4 Nd7 10. Bb3 Nb6 11. Nxc6 bxc6 12. h4 Ba6 13. Bh6 Bxh6 14. Qxh6 e5 15. h5 Qf6 16. hxg6 Qxg6 17. O-O-O Rad8 18. Qe3 Kg7 19. Rh4 h5 20. g4 Rh8 21. gxh5 Qh6 22. f4 Bc4 23. Kb1 Bxb3 24. axb3 exf4 25. Rxf4 Qxh5 26. Qg3+ Kf8 27. Rf6 Rg8 28. Qf4 Rg4 29. Rxf7+ Qxf7 30. Qxg4 Ke7 31. e5 Nd5 32. Nxd5+ cxd5 33. Qg5+ Ke8 34. Re1 Qe7 35. Qg8+ Kd7 36. Qxd5 1-0

[Event "42.Camp. Italiano"]
[Site "Arco di Trento ITA"]
[Date "1982.10.17"]
[Round "6.2"]
[White "Vallifuoco, Giovanni"]
[Black "Sibilio, Mario"]
[Result "1/2-1/2"]
[WhiteElo "2128"]
[BlackElo "2261"]
[Annotator "Gabriele Ballarin"]
[PlyCount "55"]
[EventDate "1982.10.11"]
[EventType "tourn"]
[EventRounds "12"]
[EventCountry "ITA"]

1. d4 g6 2. e4 Bg7 3. c3 d5 4. Nd2 dxe4 5. Nxe4 Nd7 6. Bd3 Ngf6 7. Nf3 O-O 8. O-O Nxe4 9. Bxe4 Nf6 10. Bc2 b6 11. Re1 Bb7 12. Bf4 e6 13. Qe2 Re8 14. Rad1 a6 15. Be5 Qe7 16. Nd2 Red8 17. h3 Ne8 18. Ne4 Bxe5 19. dxe5 Rxd1 20. Rxd1 Rd8 21. Rd2 Kg7 22. Ng3 Qg5 23. Rxd8 Qxd8 24. Ba4 c5 25. Bxe8 Qxe8 26. Ne4 Bxe4 27. Qxe4 Qb5 28. Qf4 1/2-1/2

[Event "42.Camp. Italiano"]
[Site "Arco di Trento ITA"]
[Date "1982.10.17"]
[Round "6.4"]
[White "Lagumina, Giulio"]
[Black "Martorelli, Antonio"]
[Result "1/2-1/2"]
[WhiteElo "2176"]
[BlackElo "2224"]
[Annotator "Gabriele Ballarin"]
[PlyCount "61"]
[EventDate "1982.10.11"]
[EventType "tourn"]
[EventRounds "12"]
[EventCountry "ITA"]

1. e4 c5 2. Nf3 e6 3. d4 cxd4 4. Nxd4 a6 5. Bd3 Nc6 6. Nxc6 dxc6 7. Nd2 e5 8. Qh5 Bd6 9. Nc4 Nf6 10. Nxd6+ Qxd6 11. Qe2 O-O 12. O-O a5 13. a4 Nd7 14. b3 b6 15. Ba3 c5 16. Rad1 Qc7 17. Bc4 Bb7 18. Rd3 Rad8 19. Rfd1 Nb8 20. Qd2 Rd4 21. f3 Rfd8 22. Qe2 Nc6 23. c3 Rxd3 24. Rxd3 Bc8 25. Bc1 h6 26. Be3 Kf8 27. Qd2 Rxd3 28. Qxd3 Ke7 29. Bd5 Be6 30. Qc4 Qd6 31. Kf2 1/2-1/2

[Event "42.Camp. Italiano"]
[Site "Arco di Trento ITA"]
[Date "1982.10.17"]
[Round "6.5"]
[White "Toth, Bela"]
[Black "Cocchi, Andrea"]
[Result "1-0"]
[WhiteElo "2403"]
[BlackElo "2263"]
[Annotator "Gabriele Ballarin"]
[PlyCount "89"]
[EventDate "1982.10.11"]
[EventType "tourn"]
[EventRounds "12"]
[EventCountry "ITA"]

1. d4 Nf6 2. c4 d6 3. Nc3 e5 4. Nf3 Nbd7 5. e4 Be7 6. Be2 O-O 7. O-O c6 8. Re1 Re8 9. Bf1 g6 10. Rb1 exd4 11. Nxd4 Bf8 12. Nc2 Qc7 13. f3 Bg7 14. Be3 Ne5 15. Qd2 Be6 16. b3 Rad8 17. Nd4 Bc8 18. Rbc1 Nfd7 19. Qc2 Nc5 20. b4 Ne6 21. Nb3 Nf8 22. Qf2 b6 23. b5 Be6 24. Nd5 Bxd5 25. cxd5 c5 26. Nd4 Qd7 27. Nc6 Ra8 28. h3 f5 29. f4 Nf7 30. exf5 gxf5 31. Bd3 Ng6 32. Qc2 Nh6 33. g3 Kh8 34. Bf2 Qf7 35. Bc4 Nf8 36. a4 Nd7 37. Re6 Qh5 38. Rce1 Rxe6 39. dxe6 Nf6 40. e7 Qxh3 41. Nd8 Ne8 42. Bf7 Ng4 43. Bxe8 Nxf2 44. Bc6 Qxg3+ 45. Kf1 1-0

[Event "42.Camp. Italiano"]
[Site "Arco di Trento ITA"]
[Date "1982.10.17"]
[Round "6.7"]
[White "Pompa, Alessandro"]
[Black "Messa, Roberto"]
[Result "0-1"]
[WhiteElo "1995"]
[BlackElo "2330"]
[Annotator "Gabriele Ballarin"]
[PlyCount "60"]
[EventDate "1982.10.11"]
[EventType "tourn"]
[EventRounds "12"]
[EventCountry "ITA"]

1. d4 Nf6 2. c4 g6 3. Nc3 Bg7 4. e4 d6 5. f3 Nc6 6. Be3 O-O 7. Qd2 a6 8. Nge2 Re8 9. Nc1 e5 10. d5 Nd4 11. Nb3 b5 12. c5 c6 13. dxc6 dxc5 14. Nxc5 Qb6 15. Nd7 Nxd7 16. cxd7 Bxd7 17. Nd5 Qd6 18. Bd3 Be6 19. Qb4 Qxb4+ 20. Nxb4 Red8 21. O-O a5 22. Nd5 Bxd5 23. exd5 Rab8 24. Kf2 Rxd5 25. Be4 Rc5 26. Rac1 Rbc8 27. Rxc5 Rxc5 28. Rc1 Rxc1 29. Bxc1 Bf8 30. Ke3 Bh6+ 0-1

[Event "42.Camp. Italiano"]
[Site "Arco di Trento ITA"]
[Date "1982.10.18"]
[Round "7.3"]
[White "Cocchi, Andrea"]
[Black "Bruno, Fabio"]
[Result "1/2-1/2"]
[WhiteElo "2263"]
[BlackElo "2243"]
[Annotator "Gabriele Ballarin"]
[PlyCount "47"]
[EventDate "1982.10.11"]
[EventType "tourn"]
[EventRounds "12"]
[EventCountry "ITA"]

1. e4 c5 2. c4 Nc6 3. Nc3 g6 4. g3 Bg7 5. Bg2 Nf6 6. Nge2 O-O 7. d3 Ne8 8. Be3 d6 9. Rb1 Nc7 10. a3 a5 11. O-O Ne6 12. Nb5 Bd7 13. b3 Ncd4 14. Nbxd4 cxd4 15. Bd2 b5 16. Qc2 bxc4 17. dxc4 Nc5 18. Nf4 f5 19. b4 axb4 20. axb4 Ba4 21. Qb2 Nxe4 22. Ne6 Qd7 23. Nxg7 Kxg7 24. Qxd4+ 1/2-1/2